00000000cam 2200000zi 4500
0019.958150
003CaOODSP
00520251211100521
006m     o  d f      
007cr |n|||||||||
008251210s1928    nsc     o    f|0| 0 eng d
040 |aCaOODSP|beng|erda|cCaOODSP
043 |an-cn---
0861 |aFs52-5/22-1928E-PDF
1001 |aLangstroth, G. O., |eauthor.
24510|aPreliminary work on the specific conductivity of fish muscle / |cG.O. Langstroth.
264 1|aHalifax : |bBiological Board of Canada, |c1928.
300 |a1 online resource (6 pages).
336 |atext|btxt|2rdacontent
337 |acomputer|bc|2rdamedia
338 |aonline resource|bcr|2rdacarrier
4901 |aManuscript reports of the experimental stations ; |vno. 22
500 |aDigitized edition from print [produced by Department of Fisheries and Oceans].
520 |a"Since no measurement of the specific conductivity of fish muscle could be found in the available literature, and since this data is of importance in the understanding of refrigeration porblems, an attempt was made to obtain values. The fish used in the preliminary experiments was Haddock, some samples of which had been frozen over night in the cold storage room at a temperature of about -17 degrees Cent. and some samples of which had not"--page 1.
650 0|aFrozen fish.
650 0|aThermal conductivity.
650 6|aPoisson congelé.
650 6|aConductivité thermique.
7102 |aBiological Board of Canada, |eissuing body.
830#0|aManuscript reports of the experimental stations ;|vno. 22.|w(CaOODSP)9.948621
85640|qPDF|s3.00 MB|uhttps://publications.gc.ca/collections/collection_2025/mpo-dfo/fs52-5/Fs52-5-22-1928-eng.pdf